Estadísticas para Máximos goleadores de la Bundesliga 2019-2020

Haz click aquí para intentar la prueba.

Estadísticas generales

  • Esta prueba ha sido intentada 11 veces
  • La puntuación promedio es 7 de 14

Estadísticas de respuestas

GolesNacionalidadEquipoJugador% Correcto
17InglaterraBorussia DortmundJadon Sancho
100%
34PoloniaBayern MúnichRobert Lewandowski
100%
28AlemaniaRB LeipzigTimo Werner
100%
13NoruegaBorussia DortmundErling Braut Haaland
91%
12AlemaniaBayern MúnichSerge Gnabry
91%
12PortugalEintracht FrankfurtAndré Silva
73%
16Países BajosVfL WolfsburgWout Weghorst
73%
12CroaciaTSG HoffenheimAndrej Kramarić
64%
12AlemaniaBayer LeverkusenKai Havertz
27%
13ColombiaColoniaJhon Córdoba
9%
13AlemaniaAugsburgoFlorian Niederlechner
0%
13SueciaMainz 05Robin Quaison
0%
15AlemaniaFortuna DüsseldorfRouwen Hennings
0%
12SueciaF. C. Union BerlinSebastian Andersson
0%

Distribución de puntuación

Porcentaje por número respondido

Porcentaje de gente con cada puntuación

Historial de tus puntuaciones

No has intentado esta prueba.